Riconosci la Squadra di calcio - Quiz n°94 - Statistics

Statistiche generali
  • Questo quiz è stato fatto 14 volte
  • Il punteggio medio è 6 su 10
Statistiche sulle risposte
Indizio Risposta % Corretto
Colori sociali Nero Ambra
100%
Simboli Tigre
85%
Titoli nazionali 1 Football League One1 Third Division
77%
Confederazione UEFA
62%
Fondazione 1904
54%
Capienza Stadio 25 404 posti
54%
Divisione nazionale 2023-2024 Seconda
54%
Trofei nazionali 0
46%
Trofei internazionali 0
38%
Squadra Hull City
31%
Nessun quiz corrispondente trovato
Distribuzione punteggi
Percentuale di utenti per punteggio
Percentile per numero di risposta
I tuoi punteggi nel tempo
Non hai fatto questo quiz